Philosophy and civilization in the Middle Ages /

محفوظ في:

المؤلف الرئيسي: Wulf, M. de 1867-1947 (مؤلف)

التنسيق: كتاب

اللغة: English

منشور في: New York : Dover Publications, [c1953].

سلاسل: Vanuxem lectures, 1920.

الموضوعات:

الوسوم: إضافة وسم

لا توجد وسوم, كن أول من يضع وسما على هذه التسجيلة!

رقم الطلب: B721 .W96 1953

LEADER 00765nam a2200253I 4500
001 6858
003 OSt
005 20250914100020.0
008 130303s1953 nyu 000 0 eng d
010 |a 53012392 
035 |a ocm00378047 
040 |c ARCE Library 
050 4 |a B721 .W96 1953 
100 1 |a Wulf, M. de  |q (Maurice),  |d 1867-1947,  |e author 
245 1 0 |a Philosophy and civilization in the Middle Ages /  |c M. de Wulf.  
264 1 |a New York :  |b Dover Publications,  |c [c1953]. 
300 |a 312 pages ;  |c 21 cm. 
490 0 |a Vanuxem lectures, 1920. 
500 |a "An unaltered and unabridged reissue of the first edition of 1922." 
650 0 |a Philosophy, Medieval. 
650 0 |a Civilization, Medieval. 
901 |a reviewed 
942 |c BK  |2 lcc 
999 |c 4502  |d 4502